| 000 | 01862nam0a2200325 i 4500 | ||
|---|---|---|---|
| 001 | RU\NLR\BIBL_A\011312179 | ||
| 005 | 20240921204225.0 | ||
| 010 |
_a9785984922890 _9100 |
||
| 021 |
_aRU _b2016-97226 _96448 |
||
| 035 | _a(NLR Aleph) 011312179 | ||
| 090 |
_a11027235 _c11027235 |
||
| 100 | _a20170119d2016 k y0rusy50 ca | ||
| 101 | 0 | _arus | |
| 102 | _aRU | ||
| 105 | _aa z 000zy | ||
| 200 | 1 |
_aПрофилактика зависимого поведения в подростковой и юношеской среде _eучебно-методическое пособие _fМ-во образования Моск. обл., ГОУ ВО МО "Гос. социально-гуманитар. ун-т", Социально-психол. фак. _g[Е.Н. Белоус и др.] |
|
| 210 |
_aКоломна _cГосударственный социально-гуманитарный университет _d2016 |
||
| 215 |
_a131 с. _cил. _d20 |
||
| 606 | 1 |
_aУчащиеся _jУчебно-методические пособия _xОтклоняющееся поведение _xПедагогическая коррекция _92563954 _3RU\NLR\AUTH\661516542 |
|
| 606 | 1 |
_aПодростки _jУчебно-методические пособия _xАддиктивное поведение _xПрофилактика _92161206 _3RU\NLR\AUTH\661300653 |
|
| 686 | 1 | _aЧ313.334я7 | |
| 686 | 1 | _aЮ983.62я7 | |
| 686 | 1 | _aС550.325.2я7 | |
| 702 | 1 |
_aБелоус _bЕ. Н. _gЕлена Николаевна _4220 |
|
| 712 | 0 | 2 |
_4570 _aГосударственный социально-гуманитарный университет _bСоциально-психологический факультет _cКоломна _9545521 _3RU\NLR\AUTH\880440680 |
| 942 | _cBOOK | ||
| 980 | _aNBR | ||